000 00806cab a22001815a 4500
001 L148658
008 091015s20090307xxk f 000 0 eng d
035 _a(Sirsi) u148658
041 0 _aeng
100 1 _aMoone, Brian
245 0 0 _aLead times
_bApril-June 2009
260 _c2009
490 _aBuilding
_v274(8536) 3 July 2009, 54-55(2)
520 _aLead Times have fallen in six works packages and have not increased in any other area. Concrete works showed signs of levelling out at nine weeks and cladding remains at record low levels of 21 weeks for the third quarter running. Gives further details of lead times for various products including piling, concrete works, structural steel frames, cladding and roofing.
590 _aKA
690 _aBUILT ENVIRONMENT-BUILDING ELEMENTS
942 _n0
999 _c81921
_d81921